Lengua 8 /
Guardado en:
| Autor Principal: | |
|---|---|
| Formato: | Libro |
| Publicado: |
Buenos Aires :
Aique,
1997
|
| Materias: | |
| Etiquetas: |
Agregar Etiqueta
Sin Etiquetas, Sea el primero en etiquetar este registro!
|
| LEADER | 01202nam a22002535a 4500 | ||
|---|---|---|---|
| 001 | CEM.cems009408 | ||
| 008 | 130507s1997##################000#0#####d | ||
| 005 | 20241220101408.0 | ||
| 245 | 1 | 0 | |a Lengua 8 / |c Marta Marín |
| 260 | |a Buenos Aires : |b Aique, |c 1997 | ||
| 300 | |a 255 p. | ||
| 500 | |a Para 8º año Egb | ||
| 505 | 0 | |a Comunicación y variaciones del lenguaje -- Medios de comunicación -- La comprensión lectora -- Hablando y escribiendo se entiende la gente -- No sólo de televisión se vive -- Ni tan difícil ni tan aburrido -- El texto expositivo -- Texto argumentativo -- Literatura y poesía -- El relato policial -- Leer para saber -- Y usted, ¿qué opina? -- Mundos propios y ajenos (poesía) -- La peor de las sospechas -- Guiones y teatro -- Glosario | |
| 020 | |a 9507013652 | ||
| 100 | 1 | |a Marín, Marta | |
| 082 | 0 | 4 | |a Z468 |
| 653 | |a Lengua | ||
| 653 | |a Lengua-8ºegb | ||
| 653 | |a Textos | ||
| 653 | |a Gramática | ||
| 653 | |a Literatura | ||
| 859 | |a CEMS |b BIB. CEMS - 11 de abril |h Z468 |i M388 |p 19080.97 |t Ej.1 |v 8º |3 8º | ||
| 859 | |a CEMS |b BIB. CEMS - 11 de abril |h Z468 |i M388 |p 19079.97 |t Ej.2 |v 8º |3 8º | ||
| 859 | |a CEMS |b BIB. CEMS - 11 de abril |h Z468 |i M388 |p 21537.01 |t Ej.4 |v 8º |3 8º | ||
